Statistics for 金剛自動車のバス停

Click here to take the quiz!

General Stats

  • This quiz has been taken 2 times
  • The average score is 61 of 143

Answer Stats

Answer% Correct
1富田林駅
100%
140上ノ太子駅
100%
75吉年
50%
95北大伴
50%
94大伴住宅前
50%
93大伴口
50%
90富田林西口
50%
88川西
50%
83滝谷不動前
50%
81サバーファーム
50%
79海洋センター前
50%
78東甘南備
50%
77こんごう福祉センター前
50%
76蒲中央
50%
74多聞橋
50%
97大ヶ塚
50%
73小吹
50%
2堺筋
50%
71甘南備口
50%
70福祉センター東口
50%
69
50%
68龍泉
50%
67東条小学校前
50%
66上佐備
50%
65 | 82中佐備
50%
64下佐備
50%
63第三中学校前
50%
96北大伴南口
50%
98一須賀
50%
61西板持
50%
122平和町
50%
153太子カントリー入口
50%
146しなが台
50%
132上宮学園前
50%
131敏達天皇陵前
50%
130仏眼寺前・葉室
50%
129葉室歴史公園前
50%
128推古天皇陵前
50%
127山田
50%
126六枚橋東
50%
125松の木保育園前
50%
123春日
50%
121太子町役場
50%
99東山
50%
118聖徳太子御廟前
50%
116太井川
50%
115泥掛け地蔵前
50%
114太子四つ辻
50%
112河南橋
50%
111大深
50%
110喜志駅
50%
106グロワールゴルフ倶楽部前
50%
105グロワールゴルフ倶楽部入口
50%
104近つ飛鳥博物館前
50%
100阪南一須賀
50%
62板持
50%
72甘南備
50%
60柏木住宅前
50%
17上東阪
50%
33寺田
50%
32別井
50%
31楠公生誕地前
50%
30奉建塔前
50%
29水越峠
50%
26水分
50%
25水分神社口
50%
24松本橋
50%
22千早ロープウェイ前
50%
21鱒釣場前
50%
20金剛登山口
50%
16東阪中
50%
35 | 41北加納
50%
15東阪
50%
14消防分署前
50%
13千早赤阪中学校前
50%
12千早赤阪役場前
50%
11 | 23森屋
50%
10森屋西口
50%
9神山
50%
8寛弘寺
50%
6出屋敷
50%
5楠徳寺かがりホール前・大伴
50%
4山中田
50%
3 | 92川向
50%
34総合体育館前
50%
27東水分
50%
36南加納
50%
40河内
50%
58かなん桜小学校前
50%
53北水分
50%
51芹生谷
50%
50中村南口
50%
49馬谷口
50%
48中村
50%
47中村北口
50%
44河南町役場前
50%
43平石
50%
42馬ヶ背
50%
46白木
50%
39滝谷口
50%
38菊水苑前
50%
37加納
50%
154太子カントリー倶楽部
50%
101大宝1丁目
50%
57さくら坂1丁目
50%
143聖和台1丁目
50%
102大宝2丁目
50%
142聖和台2丁目
50%
56さくら坂2丁目
50%
55さくら坂3丁目
50%
144聖和台3丁目
50%
54鈴美台3丁目前
50%
141聖和台4丁目
50%
103大宝4丁目
50%
59さくら坂4丁目
50%
117内之町
0%
152畑薬師寺公園前
0%
151二子塚前
0%
150科長神社口・福の音前
0%
149美野の里前
0%
148孝徳天皇陵前
0%
147和みの広場前
0%
19千早大橋
0%
145聖和台第一号公園前
0%
18岩井谷
0%
89甲田
0%
45長坂
0%
28葛城登山口
0%
119磯長小学校前
0%
120用明天皇陵前
0%
7五軒家
0%
113梅川橋
0%
87双葉住宅前
0%
80スポーツ公園前
0%
86錦織
0%
85彼方
0%
84滝谷公園前
0%
124竹内街道春日西
0%
52川野辺
0%

Score Distribution

Percentile by Number Answered

Percent of People with Each Score

Your Score History

You have not taken this quiz